This land is mine ; an anthology of American verse /

Bibliographic Details
Main Author: Hine, Al
Format: Book
Language:English
Published: Philadelphia : Lippincott, [1965]
Edition:[lst ed.].
Subjects:

MARC

Tag First Indicator Second Indicator Subfields
LEADER 00000cam a2200000 4500
001 in00000464113
005 20151013050159.0
008 731023s1965 paua 00000 eng
010 |a  65013437  
035 |a (OCoLC)00721881 
035 |9 ACA2623AM 
040 |a DLC  |c OWU  |d TXA  |d UtOrBLW 
049 |a TXAM  |c [1374026] 
050 0 0 |a PS595.H5  |b H4 
100 1 |a Hine, Al. 
245 1 0 |a This land is mine ;  |b an anthology of American verse /  |c Illustrated by Leonard Vosburgh. 
250 |a [lst ed.]. 
264 1 |a Philadelphia :  |b Lippincott,  |c [1965] 
264 4 |c [©1965] 
300 |a xii, 244 pages :  |b illustrations ;  |c 22 cm. 
336 |a text  |b txt  |2 rdacontent 
337 |a unmediated  |b n  |2 rdamedia 
338 |a volume  |b nc  |2 rdacarrier 
650 0 |a Patriotic poetry, American. 
999 |a MARS 
999 f f |s 0296fb02-001d-375c-ad09-6669b5babd88  |i 9a0528cc-ea82-3296-a8eb-6a9b9b1f26f5  |t 0 
952 f f |p ric  |a Texas A&M University  |b Rellis Campus  |c Joint Library Facility  |d Remote Storage  |t 0  |e PS595.H5 H4  |h Library of Congress classification  |i unmediated -- volume  |m A14804041372 
998 f f |a PS595.H5 H4  |t 0  |l Remote Storage